00414pab a2200121 454500008004500000100002700045245006400072260001400136300001400150650002100164650002500185773008200210180718b2003-2004 xxu||||| |||| 00| 0 eng d aDash, Jitendra Narayan aHigher secondary vocational education in Orissa: an outline c2003-2004 ap.286-94. aHigher education aVocational education aJournal of Indian Institute of Public Administration (Orissa Regional Branch)